Análisis de la relación entre factores psicosociales y riesgo suicida en adolescentes de la ciudad de Necochea (Record no. 189885)

MARC details
000 -CABECERA
campo de control de longitud fija 02181cab a2200313 ab4500
005 - FECHA Y HORA DE LA ÚLTIMA TRANSACCIÓN
campo de control 20231014063813.0
008 - ELEMENTOS DE LONGITUD FIJA--INFORMACIÓN GENERAL
campo de control de longitud fija 991125c2016 ag fr p o 000 0 spa d
035 ## - NÚMERO DE CONTROL DEL SISTEMA
Número de control de sistema UPN01000217785
040 ## - FUENTE DE LA CATALOGACIÓN
Centro catalogador/agencia de origen MX-MxUPN
Lengua de catalogación spa
Centro/agencia transcriptor MX-MxUPN
Normas de descripción aacr2
049 ## - COLECCIÓN
Colección ART-E
100 1# - ASIENTO PRINCIPAL--NOMBRE PERSONAL
Nombre de persona Di Rico, Eliana
100 1# - ASIENTO PRINCIPAL--NOMBRE PERSONAL
Filiación elunow@hotmail.com
100 1# - ASIENTO PRINCIPAL--NOMBRE PERSONAL
Nombre de persona Paternain, Natalia
100 1# - ASIENTO PRINCIPAL--NOMBRE PERSONAL
Nombre de persona Portillo, Natalia
100 1# - ASIENTO PRINCIPAL--NOMBRE PERSONAL
Nombre de persona Galarza, Aixa Lidia
245 10 - MENCIÓN DE TÍTULO
Título Análisis de la relación entre factores psicosociales y riesgo suicida en adolescentes de la ciudad de Necochea
Medio [recurso electrónico en línea]
506 0# - NOTA DE RESTRICCIONES AL ACCESO
Limitaciones de acceso Acceso abierto
520 3# - NOTA DE RESUMEN, ETC.
Sumario, etc. Los comportamientos suicidas en la adolescencia se han convertido en un grave problema de salud pública. En este sentido es menester preguntarse por aquellos factores que puede ayudar a la comprensión y prevención de estos comportamientos. En esta línea, este estudio empírico se propuso estudiar la relación entre riesgo suicida y tres variables psicosociales –soledad, aislamiento social y apoyo social percibido– en adolescentes escolarizados de la ciudad de Necochea (Prov. de Buenos Aires, Argentina). La literatura disponible indica que estas variables pueden actuar como factores protectores ante la suicidalidad, o bien, factores de riesgo que aumentan la probabilidad del adolescente de involucrarse en este tipo de comportamientos autodestructivos. Se aplicaron tres medidas de autoinforme a 99 adolescentes escolarizados necochenses. Los resultados muestran que la experiencia de soledad el apoyo social de padres y de compañeros de clase exhiben las asociaciones de mayor magnitud con ideaciones suicidas activas. Se discuten los resultados y posibles implicaciones. PP
650 #0 - ASIENTO SECUNDARIO DE MATERIA - TERMINO TEMATICO
9 (RLIN) 1014
Término de materia o nombre geográfico como elemento de entrada Adolescentes
650 #2 - ASIENTO SECUNDARIO DE MATERIA - TERMINO TEMATICO
Término de materia o nombre geográfico como elemento de entrada Conducta suicida
9 (RLIN) 7576
650 #2 - ASIENTO SECUNDARIO DE MATERIA - TERMINO TEMATICO
Término de materia o nombre geográfico como elemento de entrada Aislamiento social
9 (RLIN) 1971
650 #2 - ASIENTO SECUNDARIO DE MATERIA - TERMINO TEMATICO
Término de materia o nombre geográfico como elemento de entrada Soledad
9 (RLIN) 14185
653 0# - TERMINO DE INDIZACION - NO CONTROLADO
Término no controlado Apoyo social
773 ## - ENLACE AL DOCUMENTO FUENTE/ENTRADA DE REGISTRO ANFITRIÓN
Descripción física Vol. 13, no. 2 (2016), p. 95-106
Título Perspectivas en psicología : revista de psicología y ciencias afines
Número Internacional Normalizado para Publicaciones Seriadas 1853-8800
856 4# - LOCALIZACIÓN Y ACCESO ELECTRÓNICOS
Identificador Uniforme del Recurso <a href="http://200.0.183.216/revista/index.php/pep/article/view/12.">http://200.0.183.216/revista/index.php/pep/article/view/12.</a>
902 ## - ELEMENTOS DE DATOS B LOCAL, LDB (RLIN)
Modificó Leonor Sotres/131023
905 ## - TIPO DE MATERIAL
Tipo de material Articulo
942 ## - ELEMENTOS DE PUNTO DE ACCESO ADICIONAL (KOHA)
Tipo de ítem Koha Artículo Electrónico
Holdings
Estado de retiro Estado de pérdida Estado dañado No para préstamo Código de colección Localización permanente Ubicación/localización actual Ubicación en estantería Fecha de adquisición Total de préstamos Fecha visto por última vez Identificador Uniforme del Recurso Precio válido a partir de Tipo de ítem Koha
        Acceso abierto Bib. Gregorio Torres Quintero Bib. Gregorio Torres Quintero En línea 13/10/2023   13/10/2023 http://200.0.183.216/revista/index.php/pep/article/view/12. 13/10/2023 Artículo Electrónico